000 00340 a2200157 4500
001 181732
020 _a
040 _cMagnum
100 _aMoraes, Lidia Maria de
240 1 0 _aE tempo de leitura/v.3
_lpor
245 1 0 _aE tempo de leitura/v.3
362 0 _a1899
440 1 _aÁtica
697 _aMAGNITO: PARADIDATICO
942 _cBK
999 _c181732
_d181732